Về những giá trị thẩm mỹ của câu đố người Việt

Nội dung sách bao gồm 3 chương : Đặc điểm phản ánh của câu đố người Việt, những biện pháp nghệ thuật của câu đố, tác dụng của câu đố người Việt.

Đã lưu trong:
書目詳細資料
主要作者: Hà, Châu
格式: 圖書
語言:Undetermined
出版: Hà Nội Khoa học - Xã hội 2015
主題:
標簽: 添加標簽
沒有標簽, 成為第一個標記此記錄!
Thư viện lưu trữ: Trung tâm Học liệu Trường Đại học Cần Thơ
LEADER 00864nam a2200193Ia 4500
001 CTU_209313
008 210402s9999 xx 000 0 und d
082 |a 398.609597 
082 |b Ch125 
100 |a Hà, Châu 
245 0 |a Về những giá trị thẩm mỹ của câu đố người Việt 
245 0 |c Hà Châu 
260 |a Hà Nội 
260 |b Khoa học - Xã hội 
260 |c 2015 
520 |a Nội dung sách bao gồm 3 chương : Đặc điểm phản ánh của câu đố người Việt, những biện pháp nghệ thuật của câu đố, tác dụng của câu đố người Việt. 
650 |a Văn học dân gian Việt Nam,Folk literature, Vietnamese 
904 |i Trương Thủy Ly,Hải 
980 |a Trung tâm Học liệu Trường Đại học Cần Thơ